00514nam a2200193 a 4500001001300000003000900013005001700022008004100039020002200080082002000102100002200122245002800144260004300172300000800215500003500223505002400258650001600282700002200298nice12345678IN_TiNIC20260116013324.0050524s1994 hyda grp 000 0 eng  a8185194 c8000a305.40954bSUB3 aSubbamma, Malladi aWomen and Social Reform aHyderabadbBooklinks Corporationc1994 a99p aincludes index and biblioraphy2 aBibliography, Index aWomen-India1 aSubbamma, Malladi